Managing for sales results (Бичлэгийн дугаар. 146118)
| 000 -УДИРДЛАГА | |
|---|---|
| Удирдлага | 01266nam a22003737a 4500 |
| 003 - ХЯНАЛТЫН ТОО ТОДОРХОЙЛОГЧ | |
| Код | MN-UlNUM |
| 005 - БИЧИЛТ ХИЙСЭН ОГНОО | |
| Тухайн бичилтийг бичсэн засварласан сүүлийн огноо | 20260107182046.0 |
| 008 - ЕРӨНХИЙ МЭДЭЭЛЭЛ | |
| Ерөнхий мэдээлэл | 160406s2008 nju 000 0 eng |
| 020 ## - ISBN | |
| ISBN | 9780470173275 |
| -- | 0470173270 |
| 040 ## - БИЧЛЭГ ҮҮСГЭГЧ БАЙГУУЛЛАГА | |
| Бичлэг үүсгэгч номын сангийн код | МУИС-ийн номын сан |
| 084 ## - ББК АНГИЛАЛ | |
| Нэмэлт тусгалт | Гарын авлага |
| ББК ангилал | 65.290-2 |
| Зохиогчийн гурван тэмдэгт | S 85 |
| Мэдлэгийн ялгаа | 65 - Эдийн засаг |
| 100 1# - ЗОХИОГЧ | |
| Зохиогчийн нэр | Marks, Ron |
| Зохиогчийн огноо | 1961- |
| 245 10 - ҮНДСЭН ГАРЧИГ | |
| Номын нэр | Managing for sales results |
| Бага гарчгийн мэдээ | A fast-action guide for finding, coaching, and leading salespeople |
| Оролцогчдын тухай мэдээ | Ron Marks |
| 260 ## - ГАРАЛТЫН МЭДЭЭ | |
| Хэвлэгдсэн газар | Hoboken, N.J. |
| Хэвлэлийн газар | John Wiley & Sons |
| Хэвлэгдсэн он | 2008 |
| 300 ## - МАТЕРИАЛЫН ТОДОРХОЙЛОЛТ | |
| хуудасны тоо | xv, 206 p. |
| Хэмжээ | 23 cm |
| 500 ## - Тайлбар | |
| Дансны дугаар | БС 6066 |
| 546 ## - ХЭЛНИЙ ТУХАЙ МЭДЭЭ | |
| Хэл | Англи хэл дээр, |
| 653 ## - Түлхүүр үг | |
| Түлхүүр үг | sales management |
| 653 ## - Түлхүүр үг | |
| Түлхүүр үг | management |
| 653 ## - Түлхүүр үг | |
| Түлхүүр үг | sales personnel |
| 653 ## - Түлхүүр үг | |
| Түлхүүр үг | selling |
| 653 ## - Түлхүүр үг | |
| Түлхүүр үг | industrial relations |
| 740 ## - НОМЫН ГАРЧИГ | |
| Гарчиг | Introduction |
| 740 ## - НОМЫН ГАРЧИГ | |
| Гарчиг | Sales Management Versus Sales Leadership |
| 740 ## - НОМЫН ГАРЧИГ | |
| Гарчиг | Building an Effective, Performance-Dedicated Team |
| 740 ## - НОМЫН ГАРЧИГ | |
| Гарчиг | Results-Targeted Interviewing and Hiring |
| 740 ## - НОМЫН ГАРЧИГ | |
| Гарчиг | Training Your Sales Organization to Produce Superior Results Consistently |
| 740 ## - НОМЫН ГАРЧИГ | |
| Гарчиг | How to Run Sales Meetings That Matter |
| 740 ## - НОМЫН ГАРЧИГ | |
| Гарчиг | Motivating and Counseling Your Sales Force |
| 740 ## - НОМЫН ГАРЧИГ | |
| Гарчиг | Handling Terminations Easier and Better |
| 740 ## - НОМЫН ГАРЧИГ | |
| Гарчиг | In Conclusion |
| 942 ## - ЭЛЕМЕНТИЙН ТӨРӨЛ | |
| Зүйлийн төрөл | Ном |
